| 000 | 00746nam a22002057a 4500 | ||
|---|---|---|---|
| 008 | 160922b xxu||||| |||| 00| 0 eng d | ||
| 020 | _a9-81405365-1 | ||
| 082 |
_22001 _aDC 621.3815 _bC830 |
||
| 100 |
_915112 _aCoughlin, Robert F. |
||
| 245 |
_aOperational amplifiers and linear integrated circuits/ _cRobert F. Coughlin and Frederick F. Driscoll. |
||
| 250 | _a6th edition | ||
| 260 |
_aUpper Saddle River, New Jersey: _bPrentice Hall, _cc2001. |
||
| 300 |
_axxvii, 529 pages: _billustrations; _c24 cm. |
||
| 500 | _aIncludes bibliographical references and index. | ||
| 650 | 0 |
_915113 _aElectric circuits |
|
| 650 | 0 |
_915114 _aAmplifiers |
|
| 700 |
_915115 _aDriscoll, Frederick F. _eAuthor |
||
| 365 |
_b395.00 _cPhp |
||
| 942 |
_2ddc _cDC |
||
| 999 |
_c4767 _d4767 |
||